Регионална библиотека "Любен Каравелов" - Русе

Трите тайни града (Запис номер 325955)

MARC детайли
000 -Лидер
Контролно поле с фиксирана дължина 01160aaa a2200313 a 4500
003 - Код на организацията, давaща контролен номер
Контролно поле BLK
005 - Дата и час на последна редакция
Контролно поле 20250507115428.0
008 - Елементи от данни с фиксирана дължина
fixed length control field 180804b bul||||| |||| 00| 0 bul d
020 ## - Международен стандартен номер на книга ISBN
Международен стандартен номер на книга ISBN 978-954-655-884-8
040 ## - Източник на каталожния запис
Идентификатор на билиотеката - собственик на записа BLK
041 ## - Код за език
Код за езика на текст/звукозапис или на отделно заглавие Български
Код за езика КДБФ Български
072 ## - Код за тематичната категория
9 (RLIN) 178275
Код за тематична категория Н83
Текст Чужда художествена литература Н
080 ## - УДК
Текстов определител УДК Австралийска литература
УДК код - определител по УДК 821.111(94)
УДК - код + определител 821.111(94)-312.4
100 ## - Редна дума - Автор
Автор Райли, Матю
Авторска отговорност първи автор
R(LIN) 1299
139 ## - Редно поле
Редна дума Райли, Матю
Авторски знак Раи - Р 27
245 ## - Сведения за заглавието
Заглавие Трите тайни града
Подзаглавни данни Роман
Редно поле (дума) Матю Райли; прев. Венцислав Божилов
257 ## - Страна на издаване
Страна на създаване/издаване Австралия
260 ## - Област на издателските данни
Име на издателя, разпространителя и проч. Бард
Година на издаване 2018
Място на издаване, разпространение и проч. София
300 ## - Физическа характеристика
Страници 490 с.
Размери/Мащаб 20 см
380 ## - Жанр
Жанр Худож. лит.
659 #7 - Тематичен бюлетин
9 (RLIN) 178160
Тематичен бюлетин Н
Тематичен бюлетин - текст Нови книги
700 ## - Други автори (авторска отговорност)
Лично име Божилов, Венцислав Божидаров
Звания и думи, свързани с автора Теодосиев, Стефан, 1968- (псевдоним)
Дати, свързани с автора 1968-
9 (RLIN) 367877
852 ## - Местоположение
Фондова буква Заемна - подръчен фонд
Систематично-азбучна сигнатура П 820(9)-31/Р 27
999 ## - СИСТЕМНИ КОНТРОЛНИ НОМЕРА
Koha biblionumber 325955
Koha biblioitemnumber 325955
942 ## - АРТИКУЛИ
Вид на библиотечния материал Книги
Източник на класификационната схема Universal Decimal Classification
Скрит в OPAC Не
Koha issues (borrowed), all copies 66
999 ## - СИСТЕМНИ КОНТРОЛНИ НОМЕРА
Koha biblioitemnumber 325955
999 ## - СИСТЕМНИ КОНТРОЛНИ НОМЕРА
Koha biblioitemnumber 323139
999 ## - СИСТЕМНИ КОНТРОЛНИ НОМЕРА
Koha biblioitemnumber 323139
944 ## - СЪЗДАВАНЕ И РЕДАКЦИЯ на ЗАПИСА
Служител, извършил регистрацията/редакцията 30542
Статус, дата на статуса Русанова Ирена
Наличности
Код за отписване Код за изгубен артикул Източник на класификационната схема Код за повреда Коз за рестрикции Код за отдаване Артикулен № Име на библиотеката - собственик Име на библиотеката, в която се намира в момента Статус (Текущо местоположение) Дата на вписване в системата Местоположение - отдел Цена в лева Инвентарен номер Систематично азбучна сигнатура Баркод Цена в евро Служебен тип на артикула
  Не е изгубен Universal Decimal Classification Не е повреден без рестрикции заемане за дома 681968 Регионална библиотека "Любен Каравелов" Русе Регионална библиотека "Любен Каравелов" Русе Заемна - подръчен фонд 2018-11-07 Заемна - подръчен фонд 12.75 120000825631 П 820(9)-31/Р 27 120000825631 6.52 Книги
  Не е изгубен Universal Decimal Classification Не е повреден   заемане за дома 681969 Регионална библиотека "Любен Каравелов" Русе Регионална библиотека "Любен Каравелов" Русе Заемна - подръчен фонд 2018-11-07 Заемна - подръчен фонд 12.75 120000825632 П 820(9)-31/Р 27 120000825632 6.52 Книги
  Не е изгубен Universal Decimal Classification Не е повреден само за читалня ползва се в читалня 746275 Регионална библиотека "Любен Каравелов" Русе Регионална библиотека "Любен Каравелов" Русе Хранилище 2019-09-24 Хранилище 16.99   Цб 296962 120000836537 8.69 Книги
Vip Innovations Ltd, Rousse, Bulgaria 2025